Alice Descoeudres Encore des Héros : [könyvismertetés] /

Elmentve itt :
Bibliográfiai részletek
Szerző: Éltes Mátyás
További közreműködők: Descoeudres Alice
Dokumentumtípus: Cikk
Megjelent: 1934
Sorozat:Magyar pedagógia : a Magyar Tudományos Akadémia Pedagógiai Bizottságának folyóirata 43
Kulcsszavak:Pedagógiai pszichológia könyvismertetés, Élettörténetek
Online Access:http://misc.bibl.u-szeged.hu/10801
LEADER 00752nab a2200193 i 4500
001 misc10801
005 20191106142333.0
008 170607s1934 hu o 0|| hun d
022 |a 0025-0260 
040 |a SZTE Miscellanea Repozitórium  |b hun 
041 |a hun 
100 1 |a Éltes Mátyás 
245 1 0 |a Alice Descoeudres   |h [elektronikus dokumentum] :  |b Encore des Héros : [könyvismertetés] /  |c  Éltes Mátyás 
260 |c 1934 
300 |a 81-82 
490 0 |a Magyar pedagógia : a Magyar Tudományos Akadémia Pedagógiai Bizottságának folyóirata  |v 43 
695 |a Pedagógiai pszichológia könyvismertetés, Élettörténetek 
700 0 1 |a Descoeudres Alice 
856 4 0 |u http://misc.bibl.u-szeged.hu/10801/1/mp_1934_3426_081-082.pdf  |z Dokumentum-elérés